[Event "Winnipeg Manitoba op"]
[Site "Winnipeg"]
[Date "1991.05.18"]
[Round "2"]
[White "Lane, Dave"]
[Black "Zyluk, Dan"]
[Result "1-0"]
[WhiteElo "1533"]
[BlackElo "1354"]
[PlyCount "21"]
[EventDate "1991.05.18"]
[EventType "swiss"]
[EventRounds "6"]
[EventCountry "CAN"]
[SourceTitle "EXT 2022"]
[Source "ChessBase"]
[SourceDate "2021.10.06"]
[SourceVersion "1"]
[SourceVersionDate "2021.10.06"]
[SourceQuality "1"]

1. e4 d5 2. exd5 Qxd5 3. Nc3 Qa5 4. d4 c5 5. dxc5 Qxc5 6. Be3 Qe5 7. Nf3 Qc7 8. Nd5 Qa5+ 9. c3 Bg4 10. Bb6 Bxf3 11. Nc7# 1-0